| 000 | 00863nam a2200241 i 4500 | ||
|---|---|---|---|
| 001 | 26783 | ||
| 003 | ES-MaACL | ||
| 007 | t| | ||
| 008 | 030110s1976 mx ||||1| spa d | ||
| 020 | _a84-375-0063-X | ||
| 245 | 0 | 3 |
_aLa filosofía en acción / _cpor J. L. Austin ... [et al.] ; recopilación e introducción de Alan R. White ; [traducción de Sonia Block Sevilla]. |
| 250 | _a[1ª ed. español]. | ||
| 260 |
_aMéxico [etc.] : _bFondo de Cultura Económica, _c1976. |
||
| 300 |
_a242 p. ; _c18 cm. |
||
| 490 | 1 |
_aBreviarios del Fondo de Cultura Económica ; _v246 |
|
| 504 | _aBibliografía. | ||
| 700 | 1 |
_aWhite, Alan R. _9116648 |
|
| 700 | 1 |
_aSevilla Block, Sonia. _9105936 |
|
| 700 | 1 |
_aAustin, J. L. _923957 |
|
| 830 | 0 |
_aBreviarios del Fondo de Cultura Económica ; _v246 _9179682 |
|
| 852 |
_aES-MaACL _jL-8382 _bR.109080 |
||
| 999 |
_c26783 _d26783 |
||